| 000 | 00817nam a22001937a 4500 | ||
|---|---|---|---|
| 999 |
_c18620 _d18620 |
||
| 003 | AR-CdUCM | ||
| 008 | 190514b ||||| |||| 00| 0 spa d | ||
| 040 |
_aMUNICIPALIDAD PROVINCIAL DEL CUSCO _cBIBLIOTECA MUNICIPAL DEL CUSCO |
||
| 082 |
_a346.5 / _bV63 |
||
| 100 |
_aVidal Ramirez, Fernando. _914965 |
||
| 245 | _aTeoría general del acto jurídico / | ||
| 260 |
_aPerú : _bCultural cuzco, _c1985. |
||
| 300 |
_a582 páginas ; _c21 cm. |
||
| 505 | _aContenido : La teoría general del acto jurídico -- Determinación conceptual del acto jurídico -- Principio de la autonomía de la voluntad -- Estructura del acto jurídico -- Los requisitos de validez del acto jurídico ... | ||
| 650 |
_aDerecho procesal. _98073 |
||
| 650 |
_aCiencias políticas. _927202 |
||
| 942 |
_2ddc _cLIBROS |
||
| 945 |
_arum _d2019-05-14 |
||